Statistics for Random French Words to German

Click here to take the quiz!

General Stats

  • This quiz has been taken 494 times
  • The average score is 11 of 21

Answer Stats

FrenchGerman% Correct
AmourLiebe
100%
OuiJa
91%
BienGut
90%
AllemagneDeutschland
89%
PainBrot
88%
MerciDanke
88%
TroisDrei
88%
VilleStadt
88%
DeuxZwei
86%
BlancWeiß
85%
FemmeFrau
83%
BonjourHallo
83%
EauWasser
83%
NomName
80%
MondeWelt
80%
MèreMutter
77%
NouveauNeu
77%
RoiKönig
75%
NoirSchwarz
75%
FleurBlume
73%
MardiDienstag
73%
PrixPreis
73%
FranceFrankreich
71%
TêteKopf
71%
AvecMit
71%
VousDu
67%
MaisonHaus
67%
HautHoch
67%
PetitKlein
67%
RoiKönig
67%
RougeRot
67%
BeaucoupViele
67%
AnJahr
64%
ÉcoleSchule
63%
MortTot
63%
Du vinWein
63%
FromageKäse
60%
SansOhne
60%
VilleStadt
60%
FinEnde
57%
FauxFalsch
57%
PatateKartoffel
57%
SoleilSonne
57%
SoirAbend
56%
l'eauWasser
56%
SucreZucker
55%
CheveuxHaar
54%
DieuGott
53%
AutreAndere
50%
SortieAusgang
50%
AnglaisEnglisch
50%
CielHimmel
50%
GuerreKrieg
50%
VieLeben
50%
DanseTanzen
46%
PèreVater
46%
OiseauVogel
46%
BienvenuWilkommen
46%
TrainZug
46%
VisageGesicht
45%
LivreBuch
44%
FritesPommes
44%
ChaiseStuhl
44%
CarotteKarotte
43%
MinistreMinister
43%
TrèsSehr
43%
LuneMond
42%
NoëlWeihnachten
40%
PontBrücke
38%
MuséeMuseum
38%
CœurHerz
36%
GarçonJunge
36%
AprèsNach
36%
ReineKönigin
33%
HommeMann
33%
EscargotSchnecke
33%
JolieSchön
33%
PatronBoss
31%
CroixKreuz
31%
MoiMir
30%
ChaiseStuhl
30%
AlimentsEssen
29%
ChérieSchatz
29%
RivièreFluss
25%
NordNorden
25%
AvionFlugzeug
22%
ÉtudeStudie
20%
VéritéWahrheit
20%
OrdinateurComputer
15%
GratuitKostenlos
13%
JournéeTag
13%
FêteParty
11%
GrasFett
8%
TourTurm
6%
AdieuAbschied
0%
MineBergwerk
0%
EnnuiLangeweile
0%
FrontièreRand
0%
ChevalierRitter
0%
ErnteSurgir
0%

Score Distribution

Percentile by Number Answered

Percent of People with Each Score

Your Score History

You have not taken this quiz